| 000 | 01068nam0a2200253 4500 | ||
|---|---|---|---|
| 001 | RU\NLR\BIBL_A\011149534 | ||
| 005 | 20250625211121.0 | ||
| 035 | _a(NLR Aleph) 011149534 | ||
| 090 |
_a11664706 _c11664706 |
||
| 100 | _a20160609d1966 |||y0rusy50 ca | ||
| 101 | 0 | _asah | |
| 102 | _aRU | ||
| 105 | _ay z 000 y | ||
| 200 | 1 |
_aCүөһү илиистигиттэн хайдах харыстаныахха сөбүй _fВ. И. Суворина _gСаха АССР доруобуйа харыстабылын Мин-вотын санит.-сырдатыытын дьиэтэ |
|
| 210 |
_aЯкутскай _cСаха сиринээҕи кинигэ изд-вота _d1966 |
||
| 215 |
_a13 с. _d14 |
||
| 541 | 1 |
_aКак уберечь себя от заражения бычьим цепнем _zrus |
|
| 606 | 1 |
_aГельминтозы _xПрофилактика _92330624 _3RU\NLR\AUTH\661393721 |
|
| 686 | 1 | _aР267.4 | |
| 700 | 1 |
_aСуворина _bВ. И. _4070 |
|
| 852 |
_aNLR _bОНЛ _jЯкут./1-312 |
||
| 942 | _cBOOK | ||
| 980 | _aNB | ||